000 00648nam a2200241Ia 4500
003 OSt
005 20220918201144.0
006 a|||||r|||| 00| 0
007 ta
008 220917b |||||||| |||| 00| 0 eng d
024 _a92,042
037 _cTextual
040 _aARTS
_cARTS
_beng
041 _2eng
_aeng
082 _aU8.2.D6, J7,K3.1
100 _aHiuen Tsiang
_979704
245 0 _aChinese accounts of India tr from the Chinese Samuel Beal
250 _a3rd
260 _aCalcutta
_bSusuil
_c1963
650 _aGEOGRAPHY
942 _hU8.2.D6, J7,K3.1
_cTEXL
_2CC
999 _c215696
_d215696